Advances in Social Media Analysis

This volume presents a collection of carefully selected contributions in the area of social media analysis. Each chapter opens up a number of research directions that have the potential to be taken on further in this rapidly growing area of research. The chapters are diverse enough to serve a number...

Πλήρης περιγραφή

Λεπτομέρειες βιβλιογραφικής εγγραφής
Συγγραφή απο Οργανισμό/Αρχή: SpringerLink (Online service)
Άλλοι συγγραφείς: Gaber, Mohamed Medhat (Επιμελητής έκδοσης), Cocea, Mihaela (Επιμελητής έκδοσης), Wiratunga, Nirmalie (Επιμελητής έκδοσης), Goker, Ayse (Επιμελητής έκδοσης)
Μορφή: Ηλεκτρονική πηγή Ηλ. βιβλίο
Γλώσσα:English
Έκδοση: Cham : Springer International Publishing : Imprint: Springer, 2015.
Σειρά:Studies in Computational Intelligence, 602
Θέματα:
Διαθέσιμο Online:Full Text via HEAL-Link
LEADER 02796nam a22004935i 4500
001 978-3-319-18458-6
003 DE-He213
005 20151204153345.0
007 cr nn 008mamaa
008 150605s2015 gw | s |||| 0|eng d
020 |a 9783319184586  |9 978-3-319-18458-6 
024 7 |a 10.1007/978-3-319-18458-6  |2 doi 
040 |d GrThAP 
050 4 |a Q342 
072 7 |a UYQ  |2 bicssc 
072 7 |a COM004000  |2 bisacsh 
082 0 4 |a 006.3  |2 23 
245 1 0 |a Advances in Social Media Analysis  |h [electronic resource] /  |c edited by Mohamed Medhat Gaber, Mihaela Cocea, Nirmalie Wiratunga, Ayse Goker. 
264 1 |a Cham :  |b Springer International Publishing :  |b Imprint: Springer,  |c 2015. 
300 |a VII, 151 p. 29 illus.  |b online resource. 
336 |a text  |b txt  |2 rdacontent 
337 |a computer  |b c  |2 rdamedia 
338 |a online resource  |b cr  |2 rdacarrier 
347 |a text file  |b PDF  |2 rda 
490 1 |a Studies in Computational Intelligence,  |x 1860-949X ;  |v 602 
505 0 |a Case-Studies in Mining User-Generated Reviews for Recommendation -- Mining Newsworthy Topics from Social Media -- Sentiment Analysis Using Supervised Learning with Domain-Adaptation and Sentence-Based Analysis -- Pattern-based Emotion Classification on Social Media -- Entity-based Opinion Mining from Text and Multimedia -- Predicting Emotion Labels for Chinese Microblog Texts. 
520 |a This volume presents a collection of carefully selected contributions in the area of social media analysis. Each chapter opens up a number of research directions that have the potential to be taken on further in this rapidly growing area of research. The chapters are diverse enough to serve a number of directions of research with Sentiment Analysis as the dominant topic in the book. The authors have provided a broad range of research achievements from multimodal sentiment identification to emotion detection in a Chinese microblogging website. The book will be useful to research students, academics and practitioners in the area of social media analysis.  . 
650 0 |a Engineering. 
650 0 |a Artificial intelligence. 
650 0 |a Computational intelligence. 
650 1 4 |a Engineering. 
650 2 4 |a Computational Intelligence. 
650 2 4 |a Artificial Intelligence (incl. Robotics). 
700 1 |a Gaber, Mohamed Medhat.  |e editor. 
700 1 |a Cocea, Mihaela.  |e editor. 
700 1 |a Wiratunga, Nirmalie.  |e editor. 
700 1 |a Goker, Ayse.  |e editor. 
710 2 |a SpringerLink (Online service) 
773 0 |t Springer eBooks 
776 0 8 |i Printed edition:  |z 9783319184579 
830 0 |a Studies in Computational Intelligence,  |x 1860-949X ;  |v 602 
856 4 0 |u http://dx.doi.org/10.1007/978-3-319-18458-6  |z Full Text via HEAL-Link 
912 |a ZDB-2-ENG 
950 |a Engineering (Springer-11647)